| 000 | 01027cam a22002174a 4500 | ||
|---|---|---|---|
| 005 | 20250605164003.0 | ||
| 008 | 250528s ||||||||||||||||||||||||d | ||
| 035 | _a15728 | ||
| 020 | _a333597672 | ||
| 040 |
_aGR-AtMCL _bgre _dGR-AtMCL _eAACR2 |
||
| 245 | 1 | _aAn Introduction to Western Financial Markets | |
| 250 | _a1st | ||
| 260 | _c1993 | ||
| 300 | _a304 | ||
| 520 | _aThis book provides a topical and up-to-date introduction to the principal Western financial markets and institutions, particularly those in the USA, Europe and Japan. Acknowledgements, Preface, Banking (I) - Background, Banking (II) - The Role of the Central Bank, Banking (III) - Commercial Banking, Banking (IV) - Investment Banking, The Money and Bond Markets, Foreign Exchange, Finance for Trade, Stock Exchanges, Traded Options, Financial Futures, Other Derivative Products, Insurance, Key Trends, Glossary, Index. | ||
| 700 | 1 |
_aMacmillan _9736 |
|
| 700 | 1 |
_aValdez Stephen _91698 |
|
| 942 | _cBK | ||
| 999 |
_c1284 _d1284 |
||